MANUFACTURING ENGINEERING AND TECHNOLOGY. (Record no. 14660)

MARC details
000 -LEADER
fixed length control field 00372nam a22001577a 4500
003 - CONTROL NUMBER IDENTIFIER
control field SGT
020 ## - INTERNATIONAL STANDARD BOOK NUMBER
International Standard Book Number 978-81-7758-170-6
082 ## - DEWEY DECIMAL CLASSIFICATION NUMBER
Classification number 681.76
Item number KAL
100 ## - MAIN ENTRY--PERSONAL NAME
Personal name KALPAKJIAN,SEROPE
245 ## - TITLE STATEMENT
Title MANUFACTURING ENGINEERING AND TECHNOLOGY.
250 ## - EDITION STATEMENT
Edition statement 4TH
260 ## - PUBLICATION, DISTRIBUTION, ETC. (IMPRINT)
Place of publication, distribution, etc NOIDA (U.P)
Name of publisher, distributor, etc PEARSON
Year of Publication 2016
300 ## - PAGE DESCRIPTION
No. of Pages 1168
650 ## - SUBJECT ADDED ENTRY--TOPICAL TERM
Topical term or geographic name as entry element MECHANICAL ENGINEERING
942 ## - ADDED ENTRY ELEMENTS (KOHA)
Source of classification or shelving scheme Dewey Decimal Classification
Koha item type Books
Holdings
Withdrawn status Lost status Source of classification or shelving scheme Damaged status Not for loan Collection code Home library Current library Shelving location Date acquired Vendor Name Cost, normal purchase price SGTU Bill Number Total Checkouts Full call number Accession No. (Barcode) Date last seen Bill Date Koha item type
    Dewey Decimal Classification     ENGINEERING SGT Engineering Library SGT Engineering Library Reference Book 23/01/2018 KIRTI PRAKASHAN (NEW DELHI ) 879.00 SGTU IN1297   681.76 KAL FE7043 23/01/2018   Books
    Dewey Decimal Classification     ENGINEERING SGT Engineering Library SGT Engineering Library Reference Book 23/01/2018 KIRTI PRAKASHAN (NEW DELHI ) 879.00 SGTU IN1297   681.76 KAL FE7044 23/01/2018   Books